Les 15 plus hauts sommets du massif du Mont Blanc - Statistiques

Statistiques générales
  • Ce quiz a été pris 34 fois
  • Le résultat moyen est 9 sur 15
Statistiques - réponses
Altitude Sommet % Correct
4806 Mont Blanc
100%
4248 Mont Blanc du Tacul
82%
4465 Mont Maudit
82%
4304 Dôme du Goûter
77%
4122 Aiguille Verte
73%
4110 Grandes Jorasses (pointe Croz)
68%
4208 Grandes Jorasses (pointe Walker)
68%
4184 Grandes Jorasses (pointe Whymper)
68%
4748 Mont Blanc de Courmayeur
68%
4114 Aiguilles du Diable (l'Isolée)
41%
4109 Aiguilles du Diable (pointe Carmen)
41%
4470 Pointe Louis-Amédée
36%
4108 Aiguille Blanche de Peuterey
32%
4102 Grande Rocheuse
32%
4243 Grand Pilier d'Angle
18%
Aucun quiz correspondant
Distribution des résultats
% des personnes avec chaque résultat
Percentile par nombre de réponses
Votre historique - résultats
Vous n’avez pas pris ce quiz